Matematičeskaja ekonomija

Salvato in:
Dettagli Bibliografici
Natura: Libro
Lingua:russo
Pubblicazione: Moskva Izdatel'stvo inostr. lit. 1963
Tags: Aggiungi Tag
Nessun Tag, puoi essere il primo ad aggiungerne!!

MARC

LEADER 00000nam a2200000 4500
001 c123207
005 20260306112412.5
041 0 |a rus 
044 |a RU 
245 1 0 |a Matematičeskaja ekonomija  |c R.G.D. Allen 
264 1 |a Moskva  |b Izdatel'stvo inostr. lit.  |c 1963 
300 |a 666 s.